Методологические проблемы проектировочной деятельности

Λεπτομέρειες βιβλιογραφικής εγγραφής
Κύριος συγγραφέας: Балабанов П. И. Павел Иванович
Συγγραφή απο Οργανισμό/Αρχή: Академия наук СССР (АН СССР) Сибирское отделение (СО) Томский научный центр (ТНЦ)
Άλλοι συγγραφείς: Чешев В. В. (редактор)
Γλώσσα:Ρωσικά
Έκδοση: Новосибирск, Наука, 1990
Θέματα:
Μορφή: MixedMaterials Βιβλίο
KOHA link:https://koha.lib.tpu.ru/cgi-bin/koha/opac-detail.pl?biblionumber=204548

MARC

LEADER 00000nam0a2200000 4500
001 204548
005 20231031190101.0
010 |a 5020296147 
035 |a (RuTPU)RU\TPU\book\222972 
090 |a 204548 
100 |a 20111126d1990 k y0rusy50 ca 
101 0 |a rus 
102 |a RU 
105 |a y z 001zy 
200 1 |a Методологические проблемы проектировочной деятельности  |f П. И. Балабанов  |g Академия наук СССР (АН СССР), Сибирское отделение (СО), Томский научный центр (ТНЦ); под ред. В. В. Чешева 
210 |a Новосибирск  |c Наука  |d 1990 
215 |a 200 с.  |c ил. 
320 |a Библиография в примечаниях. 
610 1 |a проектировочная деятельность 
610 1 |a методологические проблемы 
610 1 |a проектирование 
610 1 |a онтогенез 
686 |a А518.1  |v LBC/SL-A  |2 rubbk 
700 1 |a Балабанов  |b П. И.  |g Павел Иванович 
702 1 |a Чешев  |b В. В.  |4 340 
712 0 2 |a Академия наук СССР (АН СССР)  |b Сибирское отделение (СО)  |b Томский научный центр (ТНЦ)  |2 stltpush  |3 (RuTPU)RU\TPU\col\17649 
801 1 |a RU  |b 63413507  |c 20111126 
801 2 |a RU  |b 63413507  |c 20111129  |g RCR 
942 |c BK